Standard plant operator's questions [and] answers

Bibliographic Details
Main Authors: Elonka, Stephen Michael (Author), Robinson, Joseph Frederick (Author)
Format: Book
Published: New York : McGraw-Hill , 1981
Edition:2nd ed.
Subjects:

MARC

LEADER 00000cam a2200000 7i4500
001 0000000612
005 20021118093000.0
008 021118n
020 |a 0070193150 
090 0 0 |a TJ164   |b .E42 
100 0 |a Elonka, Stephen Michael ,   |e author 
245 0 0 |a Standard plant operator's questions [and] answers   |c Stephen Michael Elonka, Joseph Frederick Robinson 
250 |a 2nd ed. 
260 2 |a New York :   |b McGraw-Hill ,   |c 1981 
300 |a vi, 319 p. ; ;   |c 20 cm. 
504 |a Includes index 
650 0 |a Power-plants 
700 0 |a Robinson, Joseph Frederick ,   |e author 
999 |a 1000039372   |b Book   |c OPEN SHELF (30 DAYS)   |e Gong Badak Campus